Elvis Presley Test - Statistics

General Stats
  • This quiz has been taken 91 times
  • The average score is 12 of 29
Answer Stats
Hint Answer % Correct
Song About a Dog Hound Dog
83%
Estate Name Graceland
78%
Age of Death 42
76%
Where He Lived Memphis
65%
Birthplace Tupelo
65%
Daughter Lisa Marie Presley
64%
Wife Priscilla
64%
First #1 Hit Heartbreak Hotel
54%
First RCA Single Heartbreak Hotel/I Was the One
54%
His Manager Colonel Tom Parker
53%
First Record Label Sun Records
53%
Father Vernon Presley
53%
His First Movie Love Me Tender
51%
Record Label RCA
50%
Debut Album Elvis Presley
49%
Mother Gladys Presley
44%
First Single That's All Right/Blue Moon of Kentucky
36%
Last Album Moody Blue
33%
Last Movie A Change of Habit
29%
Date of Birth Jan 8, 1935
26%
Date of Death Aug 16, 1977
24%
Rank In the Army Sergeant
22%
Last Single Way Down/Pledging My Love
21%
Last #1 Hit Suspicious Minds
19%
Gospel Album How Great Thou Art
18%
Last Sun Single Mystery Train/I Forgot to Remember to Forget
10%
Best Selling Album Elvis' Christmas Album
3%
Favorite Sandwich Peanut Butter, Banana and Bacon Sandwich
0%
Most Famous Car Pink Cadillac Fleetwood Series 60
0%
No matching quizzes found
Score Distribution
Percent of People with Each Score
Percentile by Number Answered
Your Score History
You have not taken this quiz